| 000 | 00437cam a2200169ua 4500 | ||
|---|---|---|---|
| 020 | _cRs.400/- | ||
| 041 |
_aeng _h |
||
| 082 |
_a624.1517 _bVEN/TE |
||
| 100 | _aVenkatramiah, . | ||
| 245 |
_aText of Surveying / _cVenkatraramiah. _hTextual Documents |
||
| 260 |
_aHyderabad : _bUniversities press India Pvt Ltd , _c2001. |
||
| 300 | _a676 ; . | ||
| 365 | _aRs.400/- | ||
| 504 | _a | ||
| 942 | _cBK | ||
| 999 |
_c12392 _d12392 |
||